Les philosophes français du XIX siècle / (Record no. 165990)
[ view plain ]
| 000 -LEADER | |
|---|---|
| campo de control de longitud fija | 00675nam a2200205 i 4500 |
| 001 - NÚMERO DE CONTROL | |
| campo de control | 165990 |
| 003 - IDENTIFICADOR DE NÚMERO DE CONTROL | |
| campo de control | ES-MaACL |
| 005 - FECHA Y HORA DE LA ÚLTIMA TRANSACCIÓN | |
| campo de control | 20251015063148.0 |
| 008 - DATOS DE LONGITUD FIJA--INFORMACIÓN GENERAL | |
| campo de control de longitud fija | 990226s1860 fr |||| | fre d |
| 100 1# - ENTRADA PRINCIPAL--NOMBRE DE PERSONA | |
| Nombre de persona | Taine, Hippolyte, |
| Fechas asociadas al nombre | 1828-1893 |
| 9 (RLIN) | 109085 |
| 245 14 - MENCIÓN DEL TÍTULO | |
| Título | Les philosophes français du XIX siècle / |
| Mención de responsabilidad, etc. | par H. Taine. |
| 250 ## - MENCION DE EDICION | |
| Mención de edición | Deuxième édition, revue et corrigée. |
| 260 ## - PUBLICACIÓN, DISTRIBUCIÓN, ETC. | |
| Lugar de publicación, distribución, etc. | Paris : |
| Nombre del editor, distribuidor, etc. | Librairie Hachette et Cie., |
| Fecha de publicación, distribución, etc. | 1860. |
| 300 ## - DESCRIPCIÓN FÍSICA | |
| Extensión | VIII, 371 p. ; |
| Dimensiones | 18 cm. |
| 597 ## - NOTA DE DESCRIPCIÓN FÍSICA | |
| NOTA DE DESCRIPCIÓN FÍSICA | Antep. |
| 650 04 - PUNTO DE ACCESO ADICIONAL DE MATERIA--TÉRMINO DE MATERIA | |
| Término de materia o nombre geográfico como elemento de entrada | Filósofos- |
| Subdivisión geográfica | Francia- |
| Subdivisión cronológica | S.XIX. |
| 9 (RLIN) | 12867 |
| 752 ## - ENTRADA AGREGADA--NOMBRE JERÁRQUICO DEL LUGAR | |
| País o entidad superior | Francia - |
| Ciudad | París |
| 852 ## - LOCALIZACIÓN | |
| Ubicación | ES-MaACL |
| Número de control de estantería | F-11767 |
| Nota libre | - Enc. pasta española |
| Estatus retirado | Estado de pérdida | Estado de daño | No para préstamo | Colección | Biblioteca de origen | Biblioteca actual | Ubicación en estantería | Fecha de adquisición | Fuente de adquisición | Total de préstamos | Signatura topográfica completa | Código de barras | Visto por última vez | Precio de reemplazo | Tipo de ítem Koha |
|---|---|---|---|---|---|---|---|---|---|---|---|---|---|---|---|
| Libros del s. XIX | Biblioteca del Ateneo de Madrid | Biblioteca del Ateneo de Madrid | Sala Pecera Planta 2 | 17/01/2008 | F-11767 | 1174079 | 23/02/2023 | 23/02/2023 | Libro impreso antiguo |
